| 000 | 00632nam a2200169 a 4500 | ||
|---|---|---|---|
| 008 | 210311s2012 xx |||||||||||||| || u | ||
| 020 | _a9780495908814 | ||
| 050 | _aB 105 .T54 Cha | ||
| 100 | _aChaffee, John | ||
| 245 | 1 | 0 |
_aThinking critically (10th edition) _cBy John Chaffee |
| 250 | _a10th edition | ||
| 260 |
_a _bWadsworth Cengage Learning _c2012 |
||
| 300 | _axvii, 575 pages : illustrations | ||
| 650 | _aTHOUGHT AND THINKING | ||
| 650 | 0 | _aCRITICAL THINKING | |
| 995 |
_D197.40 _FCBU-MAIN LIBRARY (Kitwe) _M1 _UOUT _WMar 24, 2021 _ZMain Library Open Access Collection |
||
| 999 |
_c59838 _d59838 |
||